[Event "40th IND-chT Open 2020"]
[Site "Ahmedabad"]
[Date "2020.02.12"]
[Round "8.9"]
[White "Krishna C R G"]
[Black "Erigaisi Arjun"]
[Result "1/2-1/2"]
[WhiteElo "2443"]
[BlackElo "2563"]
[Annotator "TA"]
[PlyCount "129"]
[EventDate "2020.02.05"]
[EventCountry "IND"]
[SourceTitle "playchess.com"]
[Source "ChessBase"]
[SourceQuality "1"]

{[%evp 11,129,18,18,18,37,36,27,27,21,26,70,43,31,20,13,13,13,12,13,26,14,16,17,14,22,8,11,7,8,8,10,10,70,0,0,0,0,0,27,12,14,10,19,8,13,14,12,4,6,15,38,6,60,15,13,0,0,0,0,0,0,0,0,0,0,-4,0,0,0,0,0,0,0,0,0,0,0,-14,-14,-14,-14,-14,-14,-14,-14,-16,0,-16,0,0,0,-48,-49,-69,0,0,0,0,0,0,0,0,0,0,0,0,0,0,0,0,0,0,0,0,0,0,0,0,0,0]} 1. Nf3 d5 2. e3 Nf6 3. c4 e6 4. b3 c5 5. Bb2 Nc6 6. cxd5 exd5 7. Nc3 {A13: English Opening: 1...e6.} Bg4 {[#]} 8. Rc1 $146 ({Predecessor:} 8. h3 Bh5 9. Bb5 Bd6 10. Rc1 O-O 11. Na4 Ne4 12. Bxc6 bxc6 13. g4 Bg6 14. Ne5 Qh4 {0-1 (32) Schmidt,T (1464)-Steingraeber,K (2072) Braunschweig 2011}) 8... Rc8 9. Na4 {White has an edge.} b6 10. h3 Bh5 11. Be2 Bd6 12. O-O O-O 13. d4 {[%cal Rd4c5]} Bxf3 14. Bxf3 {[%cal Rd4c5]} cxd4 15. Bxd4 Ba3 16. Bb2 Bxb2 17. Nxb2 Ne5 18. Be2 Qd6 19. Qd4 Nc6 20. Qa4 Ne4 21. Bb5 {[%cal Rb5c6]} Ne5 ({Black should play} 21... Ne7 $11) 22. Qd4 (22. Rxc8 $14 Rxc8 23. Qxa7) 22... Ng5 $11 23. Be2 Ne6 24. Qd2 Qa3 25. Nd3 Nxd3 26. Bxd3 g6 27. Be2 Rcd8 28. Bg4 Ng5 29. Rc2 h5 30. Be2 Ne6 31. Rc6 Kh7 (31... Qe7 $11) 32. Qc2 Kg7 33. Rd1 d4 34. Bc4 dxe3 35. fxe3 Rxd1+ 36. Qxd1 Qxa2 37. Bxe6 fxe6 {[%mdl 4096] Endgame KQR-KQR} 38. Rc7+ Kg8 39. Qd4 {[%csl Gc7][%cal Rd4g7] [#]} Qf2+ 40. Kh2 {[%csl Gc7][%cal Rd4g7]} Qf6 41. Qxf6 Rxf6 42. Rxa7 {KR-KR} Rf5 43. Rc7 Rb5 44. Rc3 Kf7 45. Kg3 Kf6 46. Kf3 Rb4 47. g3 Kf5 48. Rd3 g5 49. Rc3 e5 50. Ke2 Rb5 51. Kd3 Rd5+ 52. Ke2 Ra5 ({Black should try} 52... b5 $1 $15 53. Rd3 Rc5) 53. Kd3 {The position is equal.} e4+ 54. Kd4 Ra1 {[#] aiming for ...Rd1+.} 55. g4+ hxg4 56. hxg4+ Kxg4 {Threatens to win with ...Kf3.} 57. Kxe4 Kh3 58. Rc6 g4 59. Rxb6 g3 60. Rh6+ Kg2 61. Kd5 Kf3 {White must now prevent ...Rd1+.} 62. b4 g2 63. Rg6 g1=Q 64. Rxg1 Rxg1 65. b5 {Accuracy: White = 92%, Black = 90%.} 1/2-1/2

[Event "40th IND-chT Open 2020"]
[Site "Ahmedabad"]
[Date "2020.02.12"]
[Round "8.10"]
[White "Harsha Bharathakoti"]
[Black "Das, Sayantan"]
[Result "1/2-1/2"]
[WhiteElo "2495"]
[BlackElo "2426"]
[Annotator "RC"]
[PlyCount "69"]
[EventDate "2020.02.05"]
[EventCountry "IND"]
[SourceTitle "playchess.com"]
[Source "ChessBase"]
[SourceQuality "1"]
[TimeControl "5400+30"]

1. c4 {[%emt 0:02:03]} e6 {[%emt 0:00:00]} 2. Nf3 {[%emt 0:00:45]} d5 {[%emt 0:00:22]} 3. g3 {[%emt 0:00:13]} Nf6 {[%emt 0:00:15]} 4. b3 {[%emt 0:01:36]} Be7 {[%emt 0:02:03]} 5. Bg2 {[%emt 0:00:31]} O-O {[%emt 0:00:34]} 6. O-O {[%emt 0:01:04]} a5 {[%emt 0:01:35]} 7. Nc3 {[%emt 0:00:24]} c6 {[%emt 0:00:36]} 8. d4 {[%emt 0:01:43]} Nbd7 {[%emt 0:01:24]} 9. Qd3 {[%emt 0:17:51]} b6 {[%emt 0:02:04]} 10. e4 {[%emt 0:00:09]} Ba6 {[%emt 0:03:13]} 11. e5 {[%emt 0:05:26]} Ne8 {[%emt 0:01:09]} 12. Rd1 {[%emt 0:01:15]} b5 {[%emt 0:10:11]} 13. cxb5 {[%emt 0:06:07]} cxb5 {[%emt 0:00:06]} 14. Nxb5 {[%emt 0:07:22]} Nc7 {[%emt 0:20:13]} 15. a4 {[%emt 0:00:08]} Rb8 {[%emt 0:00:33]} 16. Bd2 {[%emt 0:06:27]} Nxb5 {[%emt 0:00:48]} 17. axb5 {[%emt 0:00:05]} Bxb5 {[%emt 0:11:04]} 18. Bxa5 {[%emt 0:09:13]} Qxa5 {[%emt 0:02:09]} 19. Rxa5 {[%emt 0:00:06]} Bxd3 {[%emt 0:00:03]} 20. Rxd3 {[%emt 0:00:05]} Rb7 {[%emt 0:00:12]} 21. Bf1 {[%emt 0:06:01]} Rfb8 {[%emt 0:04:33]} 22. Be2 {[%emt 0:00:55]} Rc8 {[%emt 0:07:17]} 23. Ra1 {[%emt 0:13:04]} Nb8 {[%emt 0:02:43]} 24. Bd1 {[%emt 0:01:12]} g6 {[%emt 0:01:05]} 25. h4 {[%emt 0:01:05]} Kg7 {[%emt 0:03:32]} 26. Kf1 {[%emt 0:02:04]} Bb4 {[%emt 0:02:08]} 27. Re3 {[%emt 0:04:00]} Rbc7 {[%emt 0:02:22]} 28. Re2 {[%emt 0:00:34]} Rc1 {[%emt 0:12:58]} 29. Rea2 {[%emt 0:00:06]} R8c3 {[%emt 0:00:41]} 30. Rxc1 {[%emt 0:02:05]} Rxc1 {[%emt 0:00:03]} 31. Ke2 {[%emt 0:00:07]} Nc6 {[%emt 0:00:52]} 32. Rc2 {[%emt 0:04:30]} Rxc2+ {[%emt 0:00:09]} 33. Bxc2 {[%emt 0:00:04]} Bc3 {[%emt 0:01:21]} 34. Ke3 {[%emt 0:00:03]} Bb2 {[%emt 0:01:35]} 35. Bd3 {[%emt 0:02:14]} 1/2-1/2

[Event "40th IND-chT Open 2020"]
[Site "Ahmedabad"]
[Date "2020.02.12"]
[Round "8.11"]
[White "Thejkumar, M. S."]
[Black "Matta, Vinay Kumar"]
[Result "1/2-1/2"]
[WhiteElo "2438"]
[BlackElo "2319"]
[Annotator "ChessBase"]
[PlyCount "91"]
[EventDate "2020.02.05"]
[EventCountry "IND"]
[SourceTitle "playchess.com"]
[Source "ChessBase"]
[SourceQuality "1"]
[TimeControl "5400+30"]

1. d4 {[%emt 0:00:00]} Nf6 {[%emt 0:00:40]} 2. c4 {[%emt 0:00:04]} g6 {[%emt 0:00:08]} 3. Nc3 {[%emt 0:00:33]} Bg7 {[%emt 0:00:09]} 4. e4 {[%emt 0:00:17]} d6 {[%emt 0:00:06]} 5. Nf3 {[%emt 0:00:18]} O-O {[%emt 0:00:10]} 6. Be2 {[%emt 0:00:04]} e5 {[%emt 0:00:13]} 7. O-O {[%emt 0:00:20]} Nc6 {[%emt 0:00:07]} 8. d5 {[%emt 0:00:10]} Ne7 {[%emt 0:00:05]} 9. Bg5 {[%emt 0:00:14]} h6 {[%emt 0:01:13]} 10. Bxf6 {[%emt 0:00:14]} Bxf6 {[%emt 0:00:11]} 11. b4 {[%emt 0:00:19]} Kg7 {[%emt 0:19:34]} 12. c5 {[%emt 0:07:28]} Ng8 {[%emt 0:03:48]} 13. Rc1 {[%emt 0:21:53]} Be7 {[%emt 0:02:19]} 14. cxd6 {[%emt 0:17:25]} Bxd6 {[%emt 0:01:43]} 15. Nb5 {[%emt 0:05:19]} Bd7 {[%emt 0:02:54]} 16. Nxd6 {[%emt 0:03:03]} cxd6 {[%emt 0:00:08]} 17. Nd2 {[%emt 0:00:13]} Rc8 {[%emt 0:06:20]} 18. Qb3 {[%emt 0:06:16]} Qg5 {[%emt 0:04:25]} 19. Qb2 {[%emt 0:05:35]} Rxc1 {[%emt 0:02:26]} 20. Rxc1 {[%emt 0:00:20]} Rc8 {[%emt 0:01:26]} 21. Rxc8 {[%emt 0:01:43]} Bxc8 {[%emt 0:00:05]} 22. Nc4 {[%emt 0:00:14]} Qd8 {[%emt 0:03:06]} 23. Qa3 {[%emt 0:11:01]} Nf6 {[%emt 0:02:01]} 24. Bd3 {[%emt 0:03:25]} b5 {[%emt 0:05:17]} 25. Qa5 {[%emt 0:01:48]} Qxa5 {[%emt 0:08:44]} 26. Nxa5 {[%emt 0:00:06]} a6 {[%emt 0:00:19]} 27. Bc2 {[%emt 0:00:18]} Ne8 {[%emt 0:02:03]} 28. f3 {[%emt 0:03:26]} Nc7 {[%emt 0:00:15]} 29. Kf2 {[%emt 0:00:18]} f5 {[%emt 0:01:28]} 30. g3 {[%emt 0:01:06]} fxe4 {[%emt 0:00:15]} 31. fxe4 {[%emt 0:00:39]} Kf6 {[%emt 0:00:23]} 32. Ke3 {[%emt 0:01:46]} Bd7 {[%emt 0:02:10]} 33. h4 {[%emt 0:04:28]} Bg4 {[%emt 0:03:36]} 34. a4 {[%emt 0:02:33]} Bd7 {[%emt 0:01:10]} 35. axb5 {[%emt 0:00:14]} axb5 {[%emt 0:00:17]} 36. Kd2 {[%emt 0:00:14]} Ke7 {[%emt 0:01:01]} 37. Bd3 {[%emt 0:00:23]} g5 {[%emt 0:09:02]} 38. Be2 {[%emt 0:01:06]} Kf6 {[%emt 0:02:46]} 39. Nb3 {[%emt 0:01:38]} Ke7 {[%emt 0:04:18]} 40. Na1 {[%emt 0:00:34]} Kf6 {[%emt 0:01:30]} 41. Nc2 {[%emt 0:00:14]} g4 {[%emt 0:00:45]} 42. Ne3 {[%emt 0:01:59]} h5 {[%emt 0:00:09]} 43. Nd1 {[%emt 0:00:42]} Ke7 {[%emt 0:00:21]} 44. Nc3 {[%emt 0:00:44]} Be8 {[%emt 0:00:29]} 45. Nd1 {[%emt 0:00:33]} Bd7 {[%emt 0:00:13]} 46. Nc3 {[%emt 0:00:37]} 1/2-1/2

[Event "40th IND-chT Open 2020"]
[Site "Ahmedabad"]
[Date "2020.02.12"]
[Round "8.12"]
[White "Rahul Srivatshav P"]
[Black "Das, Arghyadip"]
[Result "0-1"]
[WhiteElo "2474"]
[BlackElo "2458"]
[Annotator "ChessBase"]
[PlyCount "82"]
[EventDate "2020.02.05"]
[EventCountry "IND"]
[SourceTitle "playchess.com"]
[Source "ChessBase"]
[SourceQuality "1"]
[TimeControl "5400+30"]

1. c4 {[%emt 0:05:11]} g6 {[%emt 0:00:00]} 2. d4 {[%emt 0:00:25]} Bg7 {[%emt 0:00:00]} 3. Nf3 {[%emt 0:00:11]} Nf6 {[%emt 0:00:00]} 4. Nc3 {[%emt 0:00:05]} O-O {[%emt 0:00:03]} 5. e4 {[%emt 0:00:06]} c5 {[%emt 0:00:04]} 6. d5 {[%emt 0:00:23]} e6 {[%emt 0:00:05]} 7. Be3 {[%emt 0:10:26]} exd5 {[%emt 0:05:27]} 8. cxd5 {[%emt 0:01:16]} d6 {[%emt 0:00:22]} 9. Be2 {[%emt 0:00:23]} Bg4 {[%emt 0:05:42]} 10. Nd2 {[%emt 0:00:38]} Bxe2 {[%emt 0:00:05]} 11. Qxe2 {[%emt 0:00:02]} a6 {[%emt 0:00:17]} 12. a4 {[%emt 0:01:14]} Nbd7 {[%emt 0:00:05]} 13. O-O {[%emt 0:00:27]} Ne5 {[%emt 0:02:39]} 14. h3 {[%emt 0:06:01]} Re8 {[%emt 0:09:06]} 15. f4 {[%emt 0:07:49]} Ned7 {[%emt 0:00:09]} 16. Qd3 {[%emt 0:01:18]} Qc7 {[%emt 0:11:11]} 17. Rfe1 {[%emt 0:19:04]} Rac8 {[%emt 0:15:42]} 18. Nc4 {[%emt 0:03:10]} Nb6 {[%emt 0:01:30]} 19. a5 {[%emt 0:09:51]} Nxc4 {[%emt 0:01:43]} 20. Qxc4 {[%emt 0:00:04]} Re7 {[%emt 0:02:21]} 21. Bf2 {[%emt 0:03:04]} Nh5 {[%emt 0:06:13]} 22. g3 {[%emt 0:00:54]} Bd4 {[%emt 0:15:30]} 23. Kg2 {[%emt 0:00:25]} Bxf2 {[%emt 0:02:27]} 24. Kxf2 {[%emt 0:00:15]} Rce8 {[%emt 0:02:21]} 25. Kg2 {[%emt 0:04:06]} f6 {[%emt 0:01:00]} 26. Re3 {[%emt 0:04:17]} Kf8 {[%emt 0:18:58]} 27. Rf1 {[%emt 0:02:23]} Qxa5 {[%emt 0:00:00]} 28. g4 {[%emt 0:01:27]} b5 {[%emt 0:00:00]} 29. Qe2 {[%emt 0:00:09]} Ng7 {[%emt 0:00:00]} 30. e5 {[%emt 0:00:26]} f5 {[%emt 0:00:00]} 31. e6 {[%emt 0:00:31]} b4 {[%emt 0:00:00]} 32. Ne4 {[%emt 0:02:56]} Qb5 {[%emt 0:00:00]} 33. Qd1 {[%emt 0:03:16]} Rd8 {[%emt 0:00:39]} 34. b3 {[%emt 0:02:06]} Qb7 {[%emt 0:00:46]} 35. Qa1 {[%emt 0:02:59]} Qxd5 {[%emt 0:00:51]} 36. gxf5 {[%emt 0:02:38]} gxf5 {[%emt 0:00:05]} 37. Qf6+ {[%emt 0:05:02]} Ke8 {[%emt 0:00:25]} 38. Rfe1 {[%emt 0:01:18]} Nxe6 {[%emt 0:01:13]} 39. Rd3 {[%emt 0:02:12]} Qxd3 {[%emt 0:00:37]} 40. Qxf5 {[%emt 0:00:06]} Rg7+ {[%emt 0:01:32]} 41. Kf2 {[%emt 0:00:08]} Qf3+ {[%emt 0:00:38]} 0-1

[Event "40th IND-chT Open 2020"]
[Site "Ahmedabad"]
[Date "2020.02.12"]
[Round "8.13"]
[White "Prasenjit Dutta"]
[Black "Sidhant, Mohapatra"]
[Result "1/2-1/2"]
[WhiteElo "2285"]
[BlackElo "2367"]
[Annotator "TA"]
[PlyCount "60"]
[EventDate "2020.02.05"]
[EventCountry "IND"]
[SourceTitle "playchess.com"]
[Source "ChessBase"]
[SourceQuality "1"]

{[%evp 10,60,43,0,20,13,23,25,17,18,16,-36,-20,-48,-51,-67,-52,-70,-18,-23,9,7,14,18,22,32,12,11,31,18,72,23,22,13,9,0,44,7,23,0,0,0,0,0,0,-4,38,28,58,46,85,58,36]} 1. e4 e5 2. Nf3 Nc6 3. Bc4 Nf6 4. d3 Be7 5. c3 O-O 6. Bb3 d6 {C55: Two Knights: 4 d3, 4 d4 exd4 5 e5 and Max Lange Attack.} 7. Nbd2 Na5 8. Bc2 c5 {White has an edge.} 9. h3 Nc6 10. g4 (10. O-O $11) 10... d5 $15 11. Qe2 d4 12. Nf1 {[%cal Bd2f1,Bf1g3,Bg3f5][%mdl 32]} b5 13. Ng3 dxc3 ({Black should try} 13... a5 $15) 14. bxc3 $11 {[#]} Ne8 $146 ({Predecessor:} 14... b4 15. c4 Nd7 16. Nf5 Nd4 17. N3xd4 cxd4 18. O-O a5 19. f4 Ra6 20. Qh2 a4 21. fxe5 {1-0 (40) Rodriguez Vila,A (2565)-Farah,R (2170) Pico City 1996}) 15. Nf5 Nc7 16. Be3 Ne6 17. Bb3 Nf4 18. Bxf4 exf4 19. Bd5 Bb7 (19... Bxf5 $11 {remains equal.} 20. gxf5 (20. Bxc6 Rc8 $14) 20... Rc8) 20. Nxe7+ (20. d4 {is interesting.} g6 21. Qxb5 Nxd4 22. Nxe7+ Qxe7 23. Qxb7 Qxb7 24. Bxb7 Nxf3+ 25. Ke2) 20... Qxe7 21. O-O Rad8 {[#] ...Rxd5! is the strong threat.} 22. Qd2 Qf6 23. Rab1 a6 24. a4 (24. Kg2 {looks sharper.} Ne5 25. c4 Rd7 26. Rfc1 Re8 27. Nxe5 Qxe5 28. f3) 24... Ne5 25. Nxe5 Bxd5 26. exd5 {[#] Hoping for Nf3.} Qxe5 27. axb5 axb5 28. c4 $1 bxc4 29. dxc4 h5 30. Rfe1 Qg5 {Accuracy: White = 77%, Black = 72%.} 1/2-1/2

[Event "40th IND-chT Open 2020"]
[Site "Ahmedabad"]
[Date "2020.02.12"]
[Round "8.14"]
[White "Sahoo, Utkal Ranjan"]
[Black "Santu, Mondal"]
[Result "1-0"]
[WhiteElo "2336"]
[BlackElo "2093"]
[Annotator "ChessBase"]
[PlyCount "51"]
[EventDate "2020.02.05"]
[EventCountry "IND"]
[SourceTitle "playchess.com"]
[Source "ChessBase"]
[SourceQuality "1"]
[TimeControl "5400+30"]

1. d4 {[%emt 0:00:14]} e6 {[%emt 0:03:29]} 2. c4 {[%emt 0:01:12]} f5 {[%emt 0:00:14]} 3. g4 {[%emt 0:07:33]} fxg4 {[%emt 0:01:42]} 4. e4 {[%emt 0:00:26]} c5 {[%emt 0:01:55]} 5. d5 {[%emt 0:05:54]} d6 {[%emt 0:04:51]} 6. Nc3 {[%emt 0:01:15]} Nf6 {[%emt 0:00:33]} 7. h3 {[%emt 0:03:21]} exd5 {[%emt 0:07:16]} 8. cxd5 {[%emt 0:00:36]} a6 {[%emt 0:02:55]} 9. hxg4 {[%emt 0:01:22]} Bxg4 {[%emt 0:02:27]} 10. f3 {[%emt 0:00:51]} Bc8 {[%emt 0:01:00]} 11. Be3 {[%emt 0:08:42]} b5 {[%emt 0:10:25]} 12. Nh3 {[%emt 0:03:36]} Nbd7 {[%emt 0:05:31]} 13. a4 {[%emt 0:06:22]} b4 {[%emt 0:01:31]} 14. Ne2 {[%emt 0:00:33]} Ne5 {[%emt 0:03:18]} 15. Nef4 {[%emt 0:00:25]} Be7 {[%emt 0:08:14]} 16. Nd3 {[%emt 0:10:16]} Nxd3+ {[%emt 0:01:24]} 17. Qxd3 {[%emt 0:00:55]} Nh5 {[%emt 0:03:04]} 18. O-O-O {[%emt 0:04:55]} Ng3 {[%emt 0:02:03]} 19. Rh2 {[%emt 0:01:28]} Nxf1 {[%emt 0:00:18]} 20. Rxf1 {[%emt 0:00:30]} c4 {[%emt 0:01:38]} 21. Qc2 {[%emt 0:01:01]} b3 {[%emt 0:25:07]} 22. Qg2 {[%emt 0:02:21]} Bxh3 {[%emt 0:01:01]} 23. Qxh3 {[%emt 0:02:53]} Qd7 {[%emt 0:01:44]} 24. Bd4 {[%emt 0:00:19]} Qe6 {[%emt 0:10:20]} 25. Qg4 Qxg4 {[%emt 0:00:00]} 26. Rh3 {[%emt 0:00:31]} 1-0

[Event "40th IND-chT Open 2020"]
[Site "Ahmedabad"]
[Date "2020.02.12"]
[Round "8.15"]
[White "Aradhya, Garg"]
[Black "Nayak Rajesh"]
[Result "1-0"]
[WhiteElo "2169"]
[BlackElo "2169"]
[Annotator "TA"]
[PlyCount "151"]
[EventDate "2020.02.05"]
[EventCountry "IND"]
[SourceTitle "playchess.com"]
[Source "ChessBase"]
[SourceQuality "1"]

{[%evp 24,151,47,32,44,36,32,13,24,22,25,22,71,51,78,78,115,96,118,122,174,89,121,0,165,0,128,148,157,163,273,214,587,548,875,865,860,854,793,797,934,934,927,901,905,879,896,842,846,830,648,562,2429,1873,1729,1565,1140,997,29995,1125,1123,1600,1098,1614,1581,1468,1347,1329,1303,0,39,0,1263,1073,1226,1205,696,546,545,334,518,512,588,568,557,530,527,522,520,492,588,560,1251,1223,29977,29978,29978,29973,29971,29965,29941,29944,29964,29966,29965,29969,29969,29970,29971,29971,29972,29972,29971,29974,29973,29975,29975,29976,29976,29976,29975,29976,29976,29977,29977,29978,29982,29979,29978,29975]} 1. d4 Nf6 2. c4 g6 3. g3 Bg7 4. Bg2 d6 5. Nc3 O-O 6. Nf3 Nc6 7. O-O Bg4 8. h3 Bxf3 9. Bxf3 Nd7 10. Be3 e5 11. d5 Ne7 12. Bd2 f5 13. e4 Nf6 {E62: King's Indian: Fianchetto: 6...c6 and Panno Variation (6...Nc6) without ...a6.} 14. b4 Qd7 15. Kg2 Rf7 {The position is equal.} 16. a4 {[%cal Ba2a4,Ba4a5,Ba5a6][%mdl 32]} Raf8 {[#]} 17. a5 $146 ({Predecessor:} 17. Ra3 Kh8 18. a5 a6 19. h4 Neg8 20. Bg5 h6 21. Bc1 Ng4 22. Be2 h5 23. f3 {½-½ (46) Ilincic,Z (2565)-Markovic,M (2470) Nis 1995}) 17... h5 18. a6 fxe4 19. Nxe4 Nxe4 20. Bxe4 b6 21. g4 Bf6 (21... hxg4 $16 {was worth a try.} 22. Qxg4 Qc8) 22. Bh6 ({White should play} 22. gxh5 $18 Bh4 23. Ra3) 22... Bg7 23. Bd2 Bf6 $1 24. Bh6 Bg7 25. Be3 Bf6 26. gxh5 Kg7 (26... Bh4 {was necessary.} 27. Qg4 (27. hxg6 Nxg6 28. Qh5 Rh7 $16) 27... Qxg4+ 28. hxg4 gxh5) 27. hxg6 Nxg6 $2 (27... Rh8 28. Rh1 Nxg6) 28. Qh5 $18 Nh4+ 29. Kh2 {[%csl Ge4][%cal Rh5h7]} Rh8 30. Bh6+ Rxh6 31. Rg1+ Ng6 32. Rxg6+ Rxg6 33. Bxg6 ({Less strong is} 33. Qxg6+ Kf8 $18) 33... Re7 34. Rg1 {Bf7+ would kill now.} Kf8 35. Bf5 Qe8 36. Rg6 Qf7 37. Qg4 {Hoping for Be6.} e4 {Black hopes to continue with ...e3.} 38. Be6 {White wants to mate with Rg8+.} Be5+ {[#]} 39. Kh1 $1 {White threatens Rg8+ and mate.} Rxe6 40. dxe6 ({Stronger than} 40. Qxe6 Qf3+ 41. Rg2 Qd1+ 42. Rg1 Qf3+ 43. Rg2 Qd1+ 44. Rg1 Qf3+ 45. Rg2 $11) 40... Qxf2 {[%mdl 4096] Endgame [#] KQR-KQB} 41. Rg8+ (41. e7+ $142 $1 Ke8 (41... Kxe7 42. Qe6+) 42. Qc8+ {[%mdl 64] Double Attack} Kxe7 43. Qe6+ Kd8 44. Rg8+ Qf8 45. Rxf8#) 41... Ke7 42. Qg5+ Kxe6 43. Qg6+ {[%mdl 64] Double Attack} Bf6 44. Qxe4+ Be5 45. Qg6+ Bf6 46. Qe4+ $2 (46. Re8+ $18 Kd7 47. Qf7+ Kc6 48. b5+ Kc5 49. Qxc7+ {[%mdl 64] Double Attack} Kd4 50. Qxd6+ Kxc4 51. Qd1) 46... Be5 $14 {[%csl Ge5][%cal Rf2h2]} 47. Qg6+ $4 {[%mdl 8192]} (47. Qg4+ $14 Ke7 48. Qg5+ Bf6 49. Qg2 Qe1+ 50. Qg1 Qe4+ 51. Rg2) 47... Bf6 $1 $18 48. Re8+ Kd7 49. Qf7+ Kc6 50. Qd5+ Kd7 51. Qe6+ Kc6 52. Qe2 Qxe2 53. Rxe2 {KR-KB} b5 54. c5 Bc3 55. cxd6 Kxd6 56. h4 Bxb4 57. Rc2 c5 58. h5 Ke6 59. h6 {White mates.} Kf7 60. h7 Kg7 61. Rh2 Kh8 62. Rh5 Bc3 63. Rxc5 {[%mdl 64] Double Attack} Bd4 64. Rd5 Be3 65. Rd7 b4 66. Rb7 Bc5 67. Kg2 b3 68. Kf3 b2 69. Rxb2 Kxh7 70. Rg2 Bb6 71. Ke4 Bc5 72. Kd5 Bb6 73. Kc6 Kh8 74. Kb7 Be3 75. Re2 Bc5 76. Re8+ {Accuracy: White = 84%, Black = 63%.} 1-0

[Event "40th IND-chT Open 2020"]
[Site "Ahmedabad"]
[Date "2020.02.12"]
[Round "8.16"]
[White "Baivab Mishra"]
[Black "Adarsh Tripathi"]
[Result "1/2-1/2"]
[WhiteElo "2206"]
[BlackElo "2100"]
[Annotator "RC"]
[PlyCount "141"]
[EventDate "2020.02.05"]
[EventCountry "IND"]
[SourceTitle "playchess.com"]
[Source "ChessBase"]
[SourceQuality "1"]
[TimeControl "5400+30"]

1. d4 {[%emt 0:03:48]} Nf6 {[%emt 0:00:00]} 2. c4 {[%emt 0:00:02]} c5 {[%emt 0:00:00]} 3. Nf3 {[%emt 0:00:02]} g6 {[%emt 0:00:00]} 4. Nc3 {[%emt 0:00:05]} cxd4 {[%emt 0:00:00]} 5. Nxd4 {[%emt 0:00:03]} Bg7 {[%emt 0:00:03]} 6. e4 {[%emt 0:09:59]} d6 {[%emt 0:00:06]} 7. Be2 {[%emt 0:00:07]} Nc6 {[%emt 0:00:05]} 8. Be3 {[%emt 0:00:08]} O-O {[%emt 0:00:10]} 9. O-O {[%emt 0:00:04]} Nxd4 {[%emt 0:00:06]} 10. Bxd4 {[%emt 0:00:04]} Bd7 {[%emt 0:03:14]} 11. Qd3 {[%emt 0:00:25]} Bc6 {[%emt 0:01:14]} 12. b4 {[%emt 0:00:08]} b6 {[%emt 0:02:23]} 13. Rac1 {[%emt 0:03:07]} Rc8 {[%emt 0:00:42]} 14. Rfd1 {[%emt 0:02:01]} Bb7 {[%emt 0:01:20]} 15. Qb1 {[%emt 0:17:38]} Bh6 {[%emt 0:06:58]} 16. Rc2 {[%emt 0:06:14]} Nxe4 {[%emt 0:00:52]} 17. Bd3 {[%emt 0:04:18]} Nxc3 {[%emt 0:00:09]} 18. Bxc3 {[%emt 0:00:02]} Qd7 {[%emt 0:00:49]} 19. h3 {[%emt 0:02:31]} Bg7 {[%emt 0:00:35]} 20. Qc1 {[%emt 0:01:55]} Bxc3 {[%emt 0:00:52]} 21. Rxc3 {[%emt 0:00:01]} Qa4 {[%emt 0:00:37]} 22. a3 {[%emt 0:01:07]} Qc6 {[%emt 0:03:13]} 23. Bf1 {[%emt 0:00:13]} Rfd8 {[%emt 0:01:06]} 24. h4 {[%emt 0:06:56]} d5 {[%emt 0:01:52]} 25. h5 {[%emt 0:00:19]} dxc4 {[%emt 0:00:23]} 26. Re1 {[%emt 0:02:10]} Qf6 {[%emt 0:02:42]} 27. Qe3 {[%emt 0:10:22]} Rd3 {[%emt 0:06:53]} 28. Rxd3 {[%emt 0:02:13]} cxd3 {[%emt 0:00:29]} 29. Qxd3 {[%emt 0:00:33]} e6 {[%emt 0:05:36]} 30. Qd7 {[%emt 0:09:39]} Rb8 {[%emt 0:00:47]} 31. Rd1 {[%emt 0:04:25]} Bd5 {[%emt 0:01:31]} 32. Qxa7 {[%emt 0:01:40]} Qd8 {[%emt 0:00:04]} 33. Qa6 {[%emt 0:02:04]} Qg5 {[%emt 0:05:21]} 34. hxg6 {[%emt 0:02:52]} hxg6 {[%emt 0:00:05]} 35. Qd3 {[%emt 0:00:06]} Kg7 {[%emt 0:00:07]} 36. Qc3+ {[%emt 0:00:23]} Qf6 {[%emt 0:00:06]} 37. Rc1 {[%emt 0:01:05]} Qxc3 {[%emt 0:00:06]} 38. Rxc3 {[%emt 0:00:10]} Ra8 {[%emt 0:00:07]} 39. f3 {[%emt 0:00:07]} Kf6 {[%emt 0:00:05]} 40. Kf2 {[%emt 0:00:03]} Ke5 {[%emt 0:00:08]} 41. Ke3 {[%emt 0:00:09]} g5 {[%emt 0:00:13]} 42. g3 {[%emt 0:01:37]} f5 {[%emt 0:00:11]} 43. f4+ {[%emt 0:00:50]} gxf4+ {[%emt 0:00:05]} 44. gxf4+ {[%emt 0:00:02]} Kd6 {[%emt 0:00:06]} 45. Be2 {[%emt 0:00:57]} Rh8 {[%emt 0:00:22]} 46. a4 {[%emt 0:00:54]} Rh3+ {[%emt 0:00:23]} 47. Kd2 {[%emt 0:00:24]} Rh4 {[%emt 0:00:08]} 48. Ke3 {[%emt 0:00:07]} e5 {[%emt 0:03:25]} 49. fxe5+ {[%emt 0:00:07]} Kxe5 {[%emt 0:00:04]} 50. a5 {[%emt 0:01:05]} Rxb4 {[%emt 0:00:15]} 51. axb6 {[%emt 0:01:10]} Rxb6 {[%emt 0:00:05]} 52. Rc2 {[%emt 0:03:05]} Rb3+ {[%emt 0:00:07]} 53. Kf2 {[%emt 0:00:05]} Kf4 {[%emt 0:00:21]} 54. Rd2 {[%emt 0:01:43]} Be4 {[%emt 0:00:06]} 55. Ra2 {[%emt 0:00:18]} Rh3 {[%emt 0:00:33]} 56. Rb2 {[%emt 0:01:16]} Bd3 {[%emt 0:00:58]} 57. Rb4+ {[%emt 0:00:15]} Be4 {[%emt 0:00:05]} 58. Rb2 {[%emt 0:00:04]} Rh2+ {[%emt 0:00:06]} 59. Kg1 {[%emt 0:01:35]} Rg2+ {[%emt 0:01:07]} 60. Kf1 {[%emt 0:00:05]} Kg5 {[%emt 0:00:18]} 61. Rb3 {[%emt 0:01:16]} Rh2 {[%emt 0:00:24]} 62. Ra3 {[%emt 0:00:22]} Kh4 {[%emt 0:01:10]} 63. Rc3 {[%emt 0:00:30]} f4 {[%emt 0:00:13]} 64. Ra3 {[%emt 0:01:00]} Bf5 {[%emt 0:01:48]} 65. Rc3 {[%emt 0:01:10]} Bh3+ {[%emt 0:00:52]} 66. Ke1 {[%emt 0:00:06]} Rg2 {[%emt 0:00:04]} 67. Bf1 {[%emt 0:02:16]} Rg3 {[%emt 0:00:13]} 68. Rxg3 {[%emt 0:00:09]} fxg3 {[%emt 0:00:06]} 69. Bb5 {[%emt 0:00:15]} Bg2 {[%emt 0:00:05]} 70. Bd7 {[%emt 0:00:16]} Kg5 {[%emt 0:01:17]} 71. Ke2 {[%emt 0:00:11]} 1/2-1/2